| 000 | 01006cam a2200301 a 4500 | ||
|---|---|---|---|
| 999 |
_c4025 _d4025 |
||
| 001 | 4953971 | ||
| 003 | Nust | ||
| 005 | 20170105101618.0 | ||
| 008 | 940425s1993 ilu b 001 0 eng d | ||
| 010 | _a 96175592 | ||
| 020 | _a1567444768 (hbk) | ||
| 035 | _a(OCoLC)30323031 | ||
| 035 | _a(NOTISUF)AJW1569 | ||
| 040 |
_aFU _cFU _dDLC |
||
| 042 | _alccopycat | ||
| 050 | 0 | 0 |
_aBP163 _b.N283 1993 |
| 082 | 0 | 0 |
_a297.260904 _bNAS |
| 100 | 1 | _aNasr, Seyyed Hossein. | |
| 245 | 1 | 2 |
_aA young Muslim's guide to the modern world / _cSeyyed Hossein Nasr. |
| 260 |
_aDes Plaines, Ill. : _bLibrary of Islam , _cc1993. |
||
| 300 |
_aix, 270 p. ; _c23 cm. |
||
| 504 | _aIncludes bibliographical references and index. | ||
| 650 | 0 |
_aIslam _y20th century _xMiscellanea. |
|
| 650 | 0 |
_aMuslim youth _xConduct of life. |
|
| 906 |
_a7 _bcbc _ccopycat _d2 _encip _f19 _gy-gencatlg |
||
| 942 |
_2ddc _cBK |
||